New movements in the study and teaching of geography (Record no. 52166)

MARC details
000 -LEADER
fixed length control field 00524nam a2200133 a 4500
008 - FIXED-LENGTH DATA ELEMENTS--GENERAL INFORMATION
fixed length control field 120416s1972 ||||||||||||||||| || u
020 ## - INTERNATIONAL STANDARD BOOK NUMBER
International Standard Book Number 0851170188
050 ## - LIBRARY OF CONGRESS CALL NUMBER
Classification number G 73 New
100 ## - MAIN ENTRY--PERSONAL NAME
Personal name Graves, Norman
245 10 - TITLE STATEMENT
Title New movements in the study and teaching of geography
Statement of responsibility, etc. edited by Norman Graves
260 ## - PUBLICATION, DISTRIBUTION, ETC.
Place of publication, distribution, etc. London
Name of publisher, distributor, etc. Temple Smith
Date of publication, distribution, etc. 1972
350 ## - PRICE (NR) (BK AM CF MU VM SE) [OBSOLETE]
Price 0.00
995 ## - RECOMMENDATION 995 [LOCAL, UNIMARC FRANCE]
-- 0.00
-- CBU-MAIN LIBRARY (Kitwe)
-- 1
-- 150.00
-- 1
-- AVAILABLE
-- Dec 20, 2006
-- Main Library Open Access Collection
Holdings
Withdrawn status Lost status Source of classification or shelving scheme Damaged status Not for loan Home library Current library Shelving location Date acquired Total Checkouts Full call number Barcode Date last seen Price effective from Koha item type
          CBU-MAIN LIBRARY, KITWE. CBU-MAIN LIBRARY, KITWE.   11/30/2022   G 73 New 008110 11/30/2022 11/30/2022 MONOGRAPH